| 000 | 00681nam a22001697a 4500 | ||
|---|---|---|---|
| 999 |
_c13164 _d13164 |
||
| 008 | 190209b ||||| |||| 00| 0 eng d | ||
| 082 |
_22018 _aUT 1191 _bC22 |
||
| 100 |
_aCansancio, Pamela L. _936830 |
||
| 245 |
_aHospital quality and patient satisfaction of different Hospitals in Digos City / _cPamela L. Cansancio, Chester Lee C. Cole, and Deo Rey G. Savillo |
||
| 260 |
_aDigos City: _bUMDC _cNovember 2018. |
||
| 300 |
_a62 pages; _c30 cm. |
||
| 650 |
_aBusiness Administration _vMarketing Management _xUndergraduate thesis. _936831 |
||
| 700 |
_aCansancio, Pamela L. _936830 |
||
| 700 |
_aCole, Chester Lee C. _936832 |
||
| 700 |
_aSavillo, Deo Rey G. _936833 |
||
| 942 |
_2ddc _cUT |
||